|
|
|
|
| LEADER |
01058nam a2200253 a 4500 |
| 001 |
000209360 |
| 003 |
CZ BrMZK |
| 005 |
19970103143423.0 |
| 008 |
970818s1996 xr f cze d |
| 040 |
|
|
|a BOA001
|b cze
|
| 080 |
|
|
|a 614.825(083.133)
|2 MRF
|
| 100 |
1 |
|
|a Žila, Bohuslav
|7 jx20040121017
|4 aut
|
| 245 |
1 |
0 |
|a Bezpečnost při práci na elektrickém zařízení :
|b výběr z norem, zákonů a vyhlášek /
|c autoři: Bohuslav Žila, Svatopluk Dorda ; odborná korektura: František Grosmann.
|
| 246 |
1 |
4 |
|a Bezpečnostní předpisy pro činnost na elektrických zařízeních
|
| 260 |
|
|
|a Ostrava :
|b Grafické systémy,
|c 1996
|
| 300 |
|
|
|a 212 s. ;
|c 25 cm
|
| 490 |
1 |
|
|a Orbis pictus pro Windows
|
| 653 |
0 |
|
|a bezpečnost práce
|a elektrická zařízení
|
| 700 |
1 |
|
|a Dorda, Svatopluk
|7 jx20041108017
|4 aut
|
| 700 |
1 |
|
|a Grossmann, František
|7 jx20050926019
|4 oth
|
| 830 |
|
0 |
|a Orbis pictus pro Windows
|
| 910 |
|
|
|a BOA001
|b TK-0261.522
|
| 990 |
|
|
|a BK
|
| 996 |
7 |
|
|b 2620007895
|c TK-0261.522
|l MZK
|r Sklad / do 24 hodin
|n 2
|p kup
|w 000209360
|u 000010
|a 1
|e BOA001
|j MZK50
|s A
|